A kettős vád vállalása. Beszélgetés Kántor Lajossal, a Korunk főszerkesztőjével
Elmentve itt :
| Szerző: | |
|---|---|
| Adatforrás: | Meister |
| Forrásdokumentuma: | A Hét. - 12 sz., 1998, 6-7 p. |
| Nyelv: | magyar |
| Kulcsszavak: | oral-history sajtótörténet-interjú intézménytörténet-interjú sajtó szakmai intézmények magyar-román kapcsolatok KÁNTOR Lajos MARINO Adrian Korunk Korunk Galéria Magyar Újságírók Romániai Egyesülete (MÚRE) |
| LEADER | 00764nab a2200241 i 4500 | ||
|---|---|---|---|
| 001 | bibPRO00007409 | ||
| 008 | 060524s1998 xx hun | ||
| 040 | |a Sz1 | ||
| 041 | |a hun | ||
| 100 | 1 | |a TIBORI SZABÓ Zoltán | |
| 245 | 1 | 2 | |a A kettős vád vállalása. Beszélgetés Kántor Lajossal, a Korunk főszerkesztőjével |c TIBORI SZABÓ Zoltán |
| 695 | |a oral-history | ||
| 695 | |a sajtótörténet-interjú | ||
| 695 | |a intézménytörténet-interjú | ||
| 695 | |a sajtó | ||
| 695 | |a szakmai intézmények | ||
| 695 | |a magyar-román kapcsolatok | ||
| 695 | |a KÁNTOR Lajos | ||
| 695 | |a MARINO Adrian | ||
| 695 | |a Korunk | ||
| 695 | |a Korunk Galéria | ||
| 695 | |a Magyar Újságírók Romániai Egyesülete (MÚRE) | ||
| 773 | 0 | |t A Hét. - |g 12 sz., 1998, 6-7 p. | |